000 00368 a2200157 4500
001 71585
020 _a8529402537
040 _cAnchieta - Colégio São Paulo
100 _aWielenska, Regina Christina
240 1 0 _aApaixonado, eu?!?!
_lpor
245 1 0 _aApaixonado, eu?!?!
300 _a32
362 0 _a2003
650 4 _aLiteratura infanto-juvenil
942 _cBK
999 _c71585
_d71585